000 00553nam a22002057a 4500
942 _cBK
999 _c471
_d471
005 20250420134811.0
008 200719b ||||| |||| 00| 0 eng d
020 _a9780470169964
040 _cKCST
082 _a621.382
_bHa Co
100 _aHaykin, Simon
_91319
245 _aCommunication systems /
_cSimon Haykin, Michael Moher
250 _a5th Int. Student edition
260 _aHoboken:
_bJohn Wiley & Sons,
_c2010.
300 _a422 p.
650 _aTelecommunication.
_94608
700 _aMoher, Michael
_94624
942 _2ddc